000 00654nam a2200241 i 4500
001 C2-0264468
003 PPAK
005 20180727232835.0
008 050425s2003 my |||| ||||| | zxx d
022 _a1675-3410
040 _aPPAK
_beng
_cPPAK
_erda
082 0 4 _a700.5
_223
090 0 0 _a700.5
_bWAC
_dR
245 0 0 _aWacana seni :
_bjournal of arts discourse
264 1 _aPulau Pinang :
_bPenerbit Universiti Sains Malaysia ,
_c2003
300 _avi, 180 pages ;
_c24 cm
336 _2rdacontent
_atext
337 _2rdamedia
_aunmediated
338 _2rdacarrier
_avolume
500 _aVol. 2
650 1 0 _aPublic speaking.
942 _ddc
_cB
999 _c74339
_d74339